Cartas a Anna / (Registro nro. 144731)

Detalles MARC
000 -LEADER
campo de control de longitud fija 00813nam a2200229 i 4500
001 - NÚMERO DE CONTROL
campo de control 144731
003 - IDENTIFICADOR DE NÚMERO DE CONTROL
campo de control ES-MaACL
005 - FECHA Y HORA DE LA ÚLTIMA TRANSACCIÓN
campo de control 20231228210625.0
007 - CAMPO FIJO DE DESCRIPCIÓN FÍSICA--INFORMACIÓN GENERAL
campo de control de longitud fija t|
008 - DATOS DE LONGITUD FIJA--INFORMACIÓN GENERAL
campo de control de longitud fija 070214s1970 sp r ||||1| spa d
100 1# - ENTRADA PRINCIPAL--NOMBRE DE PERSONA
Nombre de persona Silvela Sangro, Juan Manuel.
9 (RLIN) 106427
245 10 - MENCIÓN DEL TÍTULO
Título Cartas a Anna /
Mención de responsabilidad, etc. Juan Manuel Silvela Sangro ; prólogo de Federico Sopeña Ibañez ; traducción del francés por Mayte Despujols, Paloma Galindo.
260 ## - PUBLICACIÓN, DISTRIBUCIÓN, ETC.
Lugar de publicación, distribución, etc. Madrid :
Nombre del editor, distribuidor, etc. Prensa Española,
Fecha de publicación, distribución, etc. 1970.
300 ## - DESCRIPCIÓN FÍSICA
Extensión 182 p. ;
Dimensiones 21 cm.
490 1# - MENCIÓN DE SERIE
Mención de serie Colección "Los Tres Dados"
700 1# - ENTRADA AGREGADA--NOMBRE PERSONAL
Nombre de persona Sopeña Ibáñez, Federico,
Fechas asociadas al nombre 1917-1991
9 (RLIN) 107321
700 1# - ENTRADA AGREGADA--NOMBRE PERSONAL
Nombre de persona Despujols, Mayte.
9 (RLIN) 43930
700 1# - ENTRADA AGREGADA--NOMBRE PERSONAL
Nombre de persona Galindo, Paloma.
9 (RLIN) 53435
830 0# - PUNTO DE ACCESO ADICIONAL DE SERIE-TÍTULO UNIFORME
Título uniforme Colección "Los Tres Dados"
9 (RLIN) 181995
852 ## - LOCALIZACIÓN
Ubicación ES-MaACL
Número de control de estantería C-47342
Sublocalización o colección R.73088
Existencias
Estatus retirado Estado de pérdida Estado de daño No para préstamo Biblioteca de origen Biblioteca actual Ubicación en estantería Fecha de adquisición Fuente de adquisición Total de préstamos Signatura topográfica completa Código de barras Visto por última vez Precio de reemplazo Tipo de ítem Koha
        Biblioteca del Ateneo de Madrid Biblioteca del Ateneo de Madrid Depósito 2 17/01/2008     C-47342 1150919 23/02/2023 23/02/2023 Libro impreso